| 000 | 01397nam a2200349Ia 4500 | ||
|---|---|---|---|
| 003 | URS | ||
| 005 | 20250430235930.0 | ||
| 008 | 240418s9999 xx 000 0 und d | ||
| 020 | _a9789719655107 (pbk.) | ||
| 040 |
_bEnglish _cURS _erda |
||
| 050 |
_aGV341 _b.P569m 2022 |
||
| 100 |
_aBulatao, Mary Grace M., _eauthor. |
||
| 245 | 0 |
_aPhysical activity towards health and fitness (PATH-FIT Dance) : _bfolk dance, cheer dance, contemporary dances, street dance, hip hop, social dances _cMary Grace M. Bulatao. |
|
| 264 |
_aManila : _bMindshapers Company, Inc., _c©2021. |
||
| 300 |
_aviii, 174 pages : _billustrations ; _c23 cm. |
||
| 336 |
_atext _btxt _2rdacontent |
||
| 337 |
_aunmediated _bn _2rdamedia |
||
| 338 |
_avolume _bnc _2rdacarrier |
||
| 504 | _aIncludes bibliographical references. | ||
| 650 | 0 |
_aPhysical education and training _xStudy and teaching _92816 |
|
| 650 | 0 |
_aHealth _94261 |
|
| 650 | 0 |
_aPhysical fitness _xStudy and training. _96192 |
|
| 650 | 0 |
_aDance _xStudy and teaching. _92874 |
|
| 700 |
_aBulatao, Mary Grace M., _econsultant. _94636 |
||
| 700 |
_aAstillero, Ginna T., _eauthor. _94624 |
||
| 700 |
_aLimbo, Charis B., _eauthor. _94630 |
||
| 700 |
_aBalacuit, Castor V., _eauthor. _96190 |
||
| 700 |
_aBuedron, Nimfa F., _eauthor. _96191 |
||
| 700 |
_aNavalta, Ronda L., _eauthor. _94635 |
||
| 700 |
_aMunzon-Luna, Christine Joy C., _eauthor. _96193 |
||
| 942 |
_cF _2lcc |
||
| 999 |
_c78945 _d78944 |
||